| 000 | 00872nam a2200169 a 4500 | ||
|---|---|---|---|
| 008 | 120416s0000 ||||||||||||||||| || u | ||
| 020 | _a8120316819 | ||
| 050 | _aTK 153 Kam | ||
| 100 | _aKamm, J. Lawrence | ||
| 245 | 1 | 0 | _aUnderstanding electro-mechanical engineering |
| 246 | _aan introduction to mechatronics | ||
| 260 |
_aNew Delhi _bPrentice - Hall _c2000 |
||
| 350 | _a0.00 | ||
| 995 |
_aMAIN LIBRARY OPEN ACCESS _D0.00 _e733200 _FCBU-MAIN LIBRARY (Kitwe) _H2 _I20.00 _jTK 153 Kam _M2 _UAVAILABLE _y44545 _ZMain Library Open Access Collection |
||
| 995 |
_aMAIN LIBRARY OPEN ACCESS _D0.00 _e733201 _FCBU-MAIN LIBRARY (Kitwe) _H3 _I20.00 _jTK 153 Kam _M3 _UAVAILABLE _y44548 _ZMain Library Open Access Collection |
||
| 995 |
_aMAIN LIBRARY OPEN ACCESS _D0.00 _e733199 _FCBU-MAIN LIBRARY (Kitwe) _H1 _I20.00 _jTK 153 Kam _M1 _UAVAILABLE _WJun 27, 2006 _y44546 _ZMain Library Open Access Collection |
||
| 999 |
_c78460 _d78460 |
||